Thomas and Friends - Season 3 Episodes - Statistics

General Stats
  • This quiz has been taken 41 times
  • The average score is 18 of 26
Answer Stats
Hint Answer % Correct
5 Donald's Duck
93%
1 A Scarf for Percy
86%
9 Henry's Forest
86%
2 Percy's Promise
86%
17 Buzz, Buzz
79%
21 Escape
79%
4 Gordon and the Famous Visitor
79%
14 Mavis
79%
22 Oliver Owns Up
79%
10 The Trouble with Mud
79%
15 Toby's Tightrope
79%
18 All at Sea
71%
23 Bulgy
71%
25 Percy, James and the Fruitful Day
71%
6 Thomas Gets Bumped
71%
8 Diesel Does It Again
64%
16 Edward, Trevor and the Really Useful Party
64%
24 Heroes
64%
7 Thomas, Percy and the Dragon
64%
3 Time for Trouble
64%
13 Trust Thomas
64%
26 Thomas and Percy's Christmas Adventure
57%
11 No Joke for James
50%
19 One Good Turn
50%
20 Tender Engines
43%
12 Thomas, Percy and the Post Train
36%
No matching quizzes found
Score Distribution
Percent of People with Each Score
Percentile by Number Answered
Your Score History
You have not taken this quiz